000 00628nam a2200217Ia 4500
005 20260429112322.0
008 260429s9999||||xx |||||||||||||| ||und||
020 _a9789819805709
041 _aEnglish
082 _a631.53
_bPRI
100 _aPriyadarshan, P M.
245 0 _aPlant breeding :
_bgenes to genomics, vol. 2 /
_cP M. Priyadarshan
260 _aSingapore :
_bWorld Scientific Publishing Co. Pte. Ltd.,
_c2026.
300 _axxxix, 555-1318 p.; hb
440 _vVol. 2
650 _a Agricultural genetics
650 _a Crop improvement
650 _a Genomics
650 _aPlant breeding
942 _cTB
999 _c53472
_d53472